Rozvoj československého všeobecně vzdělávacího a odborného školství v letech 1945-1970

Bibliographic Details
Main Authors: Michalička, M. (Author), Svojtková, Věra, 1936- (Author)
Format: Book
Language:Czech
PhysicalDescription:ix, 105 s. tab. 20 x 29 cm
Published: Praha Pedagogický ústav J. A. Komenského ČSAV 1972
Subjects:

MARC

LEADER 00000nam a2200000 a 4500
001 vtls010558663
003 SK-MaSNL
005 20260425233628.0
008 250312s1972 xr a f 000 0 cze
020 |q (brož.) 
035 |a 063DCA17-E622-4608-BBA1-D989605A77ED 
035 |a urn:nbn:sk:snk-amybzi 
035 |a urn:nbn:sk:snk-am00cg0o 
040 |a SNK  |b slo  |c SNK  |e AACR2 
041 0 |a cze  |b rus  |b eng 
044 |a xr  |c CZ 
072 7 |a 37  |x Výchova a vzdelávanie  |2 konspekt 
080 |a 373.6+377.1/.6  |2 2001 
080 |a 37.0  |2 2001 
080 |a (437)  |2 2001 
080 |a (048.8)  |2 2001 
080 |a 373.3  |2 2001 
080 |a (094.5)  |2 2001 
245 0 0 |a Rozvoj československého všeobecně vzdělávacího a odborného školství v letech 1945-1970  |c sestavili: M. Michalička, V. Svojtková 
260 |a Praha  |b Pedagogický ústav J. A. Komenského ČSAV  |c 1972 
300 |a ix, 105 s.  |b tab.  |c 20 x 29 cm 
500 |a Vydalo Ústředí vědeckých, technických a ekonomických informací 
546 |a Res. rus. a angl. 
648 7 |a 1945-1970  |2 SNKPH  |9 320564 
650 0 7 |a základné školy  |2 SNKPH  |9 1280 
650 0 7 |a vzdelávanie  |2 SNKPH  |9 4033 
650 0 7 |a odborné školstvo  |2 SNKPH  |9 71371 
651 7 |a Československo  |2 SNKPH  |9 21376 
655 7 |a prehľady  |2 SNKPH  |9 70194 
655 7 |a právne predpisy  |2 SNKPH  |9 70481 
700 1 |a Michalička, M.  |4 aut  |9 498751 
700 1 |a Svojtková, Věra,  |d 1936-  |4 aut  |9 498752 
852 |a Slovenská národná knižnica 
958 |a OND 
999 |c 771355  |d 773285 
952 |a SNK  |b SNK  |y PREZ  |7 0  |p 17A1084935  |o snkSD 82650  |i snk2013/27841  |8 1  |0 0  |1 0  |4 0  |d 2013-11-15  |f 1  |l 0  |r 2025-12-04 00:00:00  |w 2026-02-24